Estudios de lo religioso-popular en Guatemala, Nicaragua y Costa Rica: inventarización preliminar /
Gardado en:
| Autor Principal: | |
|---|---|
| Formato: | Texto |
| Idioma: | Spanish |
| Materias: | |
| Etiquetas: |
Engadir etiqueta
Sen Etiquetas, Sexa o primeiro en etiquetar este rexistro!
|
MARC
| LEADER | 00000 a a2200000 04500 | ||
|---|---|---|---|
| 001 | 7909 | ||
| 003 | cru CRAI/IIS | ||
| 005 | 20210525103931.0 | ||
| 008 | 210525b |||||||| |||| 00| 0 spa d | ||
| 040 | |c cru CRAI/IIS | ||
| 100 | 1 | |a Samandú, Luis E. | |
| 245 | 1 | |a Estudios de lo religioso-popular en Guatemala, Nicaragua y Costa Rica: |b inventarización preliminar / |c Luis E. Samandú | |
| 500 | |a Colección Centroamérica | ||
| 650 | |a RELIGION | ||
| 650 | |a PRACTICA RELIGIOSA | ||
| 650 | |a AMERICA CENTRAL | ||
| 773 | |g número 51; páginas 151-155 | ||
| 773 | 0 | |0 18875 |9 5287 |a Universidad de Costa Rica. |d San José, Costa Rica: Universidad de Costa Rica. Consejo Superior Universitario Centroamericano, 1972- |o 14351 |t Estudios Sociales Centroamericanos / |x 03039676 | |
| 942 | |2 ddc |c PP | ||
| 999 | |c 22095 |d 22095 | ||
